000 00359nam a2200145Ia 4500
003 LK-CoDNM
008 010623t1927 xxu||||| |||| 00| 1 eng d
040 _aLK-CoDNM
_dLK-CoDNM
_eLK-CoDNM
041 _aeng
080 _a20 G 27
245 _aPlate's Ceylon annual,1927
260 _bPlate Ltd
_aColpetty
_c1927
300 _b72p,32ill,pl., 26 cm
942 _cBK
999 _c93836
_d93836